000 00684nam a2200217 a 4500
999 _c2425
_d2425
001 2425
003 BD-JhCC
005 20171102163210.0
008 171102s2013 mula|||| ||a| 000 0 mul d
035 _a(BD-JhCC)2425
040 _aBD-JhCC
_dBD-JhCC
041 _amul
082 _a305.80095492
_bRHM 2013
100 _aরহমান, আতিকুর
245 _aপ্রান্তিক উপজাতি ও আদিবাসী /
_cআতিকুর রহমান
260 _aঢাকা :
_bপর্বত প্রকাশনী,
_c২০১৩.
300 _a247 p. :
_bill. ;
_c22 cm.
650 _aTribal
_zBangladesh
942 _2ddc
_cBK